000 00303nam a22001337a 4500
008 170929b xxu||||| |||| 00| 0 eng d
020 _a9780073533094
041 _aeng
080 _27TH
_a37
100 _a47
101 _aEDU
245 _aA READER FOR COLLEGE WRITERS
_cBUSCEMI,S.V
942 _2udc
_cBK
999 _c30834
_d30834